01001 a2200289 450000500170000000800410001702000130005804000630007104100080013424501080014226000680025030000180031849000170033649000190035350400410037265000320041365000370044565100310048265100230051365100240053665100250056065100230058565100240060865100210063270000310065370000270068420150319110834.0140911s2013 gw ||||| |||| 00| 0 spa d a09465030 aCO-BoUCMcJose A. Gerena (modificó)dJose A. Gerenabspa0 aspa aLos centenarios de la independenciabrepresentaciones de la historia patria entre continuidad y cambio  c2013aEichstatt (Alemania)bCentro de estudios latinoamericanos a189 páginas aMesa redonda aNeue folgev27 aIncluye referencias bibliográficas 7aHistoria zAmérica Latina 7aIndependencia zAmérica Latina 4aAmérica LatinaxHistoria 4aMéxicoxHistoria 4aArgentinaxHistoria 4aParagüayxHistoria 4aColombiaxHistoria 4aVenezuelaxHistoria 4aBrasilxHistoria aScheuzger, Stephaneeditor aSchuster, Sveneeditor